• 首页
  • 本馆介绍
  • 公告通知
  • 最新文献
  • 馆藏检索
  • 电子资源
  • 读者导购
  • 参考咨询
  • 我的图书馆
  • 登录
  • 详细信息显示
  • 放入我的书架
  • 预约/预借图书
  • 作者相关作品
  • 分类相关作品
  • 丛书相关作品
  • 出版社相关作品

书目信息

  • 表格格式
  • 工作单格式
  • 卡片格式
题名:
5公里到10公里
    
 
作者: 希尔迪奇 著 ;高宏 译
分册:  
出版信息: 北京   机械工业出版社  2016.11
页数: 259页, [3] 页图版
开本: 21cm
丛书名:
单 册:
中图分类: G822.32
科图分类:
主题词: 长跑--运动训练
电子资源:
ISBN: 978-7-111-54791-4
000 01068nam0 2200277 45
001 012001000628
005 20130909111058.0
010    @a978-7-111-54791-4@dCNY42.00
099    @aCAL 012016159986
100    @a20161214d2016 em y0chiy0110 ea
101 1  @achi@ceng
102    @aCN@b110000
105    @aaf z 000yy
106    @ar
200 1  @a5公里到10公里@A5 Gong Li Dao 10 Gong Li@e从起点到终点@f(美) 格雷姆·希尔迪奇著@d= 5K & 10k@efrom start to finish@fGreame Hilditch@g高宏译@zeng
210    @a北京@c机械工业出版社@d2016.11
215    @a259页, [3] 页图版@c彩图@d21cm
306    @aBloomsbury Publishing Plc.授权出版
330    @a本书是由专业教练针对参与5公里跑到10公里跑的跑友如何进行科学锻炼、训练的图书,本书作者是英国著名跑步训练师,本书旨在让跑友跑得更加科学、更加健康。
500 10 @a5K & 10k : from start to finish@mChinese
606 0  @a长跑@x运动训练
690    @aG822.32@v5
701  1 @a希尔迪奇@AXi Er Di Qi@g(Hilditch, Greame)@4著
702  0 @a高宏@AGao Hong@4译
801    @aCN@b江苏凤凰@c20211018
905    @b1340400-3@dG822.32@e184@f4
    
    5公里到10公里:从起点到终点/(美) 格雷姆·希尔迪奇著= 5K & 10k:from start to finish/Greame Hilditch/高宏译.-北京:机械工业出版社,2016.11
    259页, [3] 页图版:彩图;21cm
    
    
    ISBN 978-7-111-54791-4:CNY42.00
    本书是由专业教练针对参与5公里跑到10公里跑的跑友如何进行科学锻炼、训练的图书,本书作者是英国著名跑步训练师,本书旨在让跑友跑得更加科学、更加健康。
●
相关链接 在E读中查询图书 在五车中查询图书 在当当中查询图书 在豆瓣中查询图书


正题名:5公里到10公里     索取号:G822.32/184         预约/预借

序号 登录号 条形码 馆藏地/架位号 状态 备注
1 1340400   213404001   第一样本阅览室/ [索取号:G822.32/184] 在馆    
2 1340401   213404010   第四借阅区/ [索取号:G822.32/184] 在馆    
3 1340402   213404029   第四借阅区/ [索取号:G822.32/184] 在馆    
4 1340403   213404038   第四借阅区/ [索取号:G822.32/184] 在馆    
唐山师范学院图书馆 欢迎您!
大连网信软件有限公司© 版权所有